Most Guessed Countries - Whammies - Statistics

General Stats
  • This quiz has been taken 365 times
  • The average score is 15 of 21
Answer Stats
% Guessed Country % Correct
97% United States
100%
96% Canada
96%
95% China
96%
94% France
96%
95% Mexico
94%
94% United Kingdom
94%
96% Russia
92%
92% Germany
91%
94% Brazil
90%
93% Spain
88%
92% Japan
86%
94% Australia
85%
94% Italy
84%
92% India
82%
87% Argentina
53%
87% Egypt
46%
88% Ireland
36%
87% South Africa
35%
87% Portugal
34%
87% Sweden
20%
88% Iceland
8%
No matching quizzes found
Score Distribution
Percent of People with Each Score
Percentile by Number Answered
Your Score History
You have not taken this quiz